| 000 | 00632nam a22001697a 4500 | ||
|---|---|---|---|
| 003 | AUA.1 | ||
| 005 | 20251016140600.0 | ||
| 008 | 250709b |||||||| |||| 00| 0 eng d | ||
| 040 | _cJTL | ||
| 100 | _aMory, Rija Esperanto | ||
| 245 |
_aCultivating Reverence through divine paternity : _bA strategic approach to enhancing reverence through prayer practices at Oasis Radio, Antananarivo / _cRija Esperanto Mory. |
||
| 260 | _cc2025 | ||
| 300 |
_axii,120 leaves : _bIllustrations : _c30cm. |
||
| 610 |
_aOasis Radio _zAntananarivo, Madagascar |
||
| 650 |
_aPrayer _xChristianity |
||
| 942 |
_2aua _cPROJECT _hMDiv _i.M67 2025 |
||
| 999 |
_c25163 _d25163 |
||